00451nam a2200169Ia 4500008004100000041001200041082002000053100002700073245004100100365000700141520001300148546001200161630004100173650001300214655001300227730004100240101110s9999 xx 000 0 und d aENGLISH bSR13765a657.45 aKishnadwall and Shetty aAuditing : Principles and Practice b30 aCommerce aENGLISH aAuditing : Principles and Practice aCommerce aCommerce aAuditing : Principles and Practice